000 01284nam a2200289 a 4500
999 _c445087
_d445087
003 BLK
005 20240426114013.0
008 180411b bul|||||r ||||||| ||bul||
020 _a9786190209102
040 _aBLK
041 _aBUL
_cBUL
080 _aПортугалска литература
_b821.134.3
_x-31
_z821.134.3-31
100 1 _aАнтунеш, Антонио Лобо
_eпърви автор
_932925
139 _aАнтунеш, Антонио Лобо
_bА 75
245 1 0 _aКъм онази, която стои в тъмното, очаквайки ме
_b[Роман]
_cАнтонио Лобо Антунеш; прев. от португ. Здравка Найденова.
257 _aPG
260 _aСофия
_bКолибри
_c2021
_fСофия : Инвестпрес
_9209486
_n978-619-02- ; 978-619-150- ; 978-954-150- ; 978-954-529-
300 _a383 с.
_c21 см
380 _aX
500 _aОриг. загл.: Para aquela que esta sentada no escuro a minha espera / Antonio Lobo Antunes.
659 _aН
700 _aНайденова, Здравка
_eпрев. от португ.
_91116
852 _aЦб 312388
942 _cKNG
_n0
_s1
_020
944 _aCR
_c2022-02-16
_k30531
_lЦветелина Шанова
999 _d445087